000 00768nam a2200241Ia 4500
003 OSt
005 20220923221317.0
006 a|||||r|||| 00| 0
007 ta
008 220922b |||||||| |||| 00| 0 hin d
024 _a197,024
037 _cTextual
040 _aARTS
_cARTS
_bhin
041 _2hin
_ahin
082 _aP152, M1-;1(TTPH)-;3(EPH)
100 _aवाजपेयी, किशोरी दास
245 0 _aहिन्दी निरूक्त
246 _aHindī nirūkta
260 _aदिल्ली
_b वाणी प्रका0
_c1981
300 _a79पृ.
_ccm.
942 _hP152, M1-;1(TTPH)-;3(EPH)
_cTEXL
_2CC
999 _c348895
_d348895